| 000 | 00000nam##2200000za#4500 |
| 001 | 9.635973 |
| 003 | CaOODSP |
| 005 | 20250611103530 |
| 007 | cr ||||||||||| |
| 008 | 150407|2008||||xxc|||||o f|0| 0 fre|d |
| 020 | |a978-1-100-90429-0 |
| 040 | |aCaOODSP|bfre |
| 043 | |an-cn--- |
| 086 | 1 |aA52-136/2008F-PDF |
| 110 | 1 |aCanada. |bAgriculture et agroalimentaire Canada. |
| 245 | 10|aHolos - un outil pour estimer et réduire les GES émis par les fermes : |h[ressource électronique]|bméthodologie et algorithmes pour la version 1.1.x |
| 260 | |bAgriculture et Agroalimentaire Canada |cc2008. |
| 300 | |a187p.|bfigures (certaines en couleur), références, tableaux |
| 590 | |a09-37|b2009-09-11 |
| 691 | 07|aGaz à effet de serre|2gcpds |
| 775 | 08|tHolos - a tool to estimate and reduce greenhouse gases from farms : |w(CaOODSP)9.691658 |
| 856 | 40|ahttp://publications.gc.ca|qPDF|s2747 Ko|uhttps://publications.gc.ca/collections/collection_2009/agr/A52-136-2008F.pdf |
| 986 | |aN° AAC 10862F |